| 000 | 01252nab a22002177a 4500 | ||
|---|---|---|---|
| 999 |
_c5753 _d5753 |
||
| 003 | OSt | ||
| 005 | 20260101232757.0 | ||
| 008 | 190514b xxu||||| |||| 00| 0 spa d | ||
| 040 | _cPJ | ||
| 100 |
_96661 _aComoglio, María Julia |
||
| 245 | 1 | 3 |
_aEl "closet" jurídico : _bel rechazo de la femineidad travesti como categoría registral en un fallo de la CS / _cMaría Julia Comoglio. |
| 300 | _ap. 25-33 | ||
| 500 | _aCita: TR LALEY AR/DOC/875/2025. | ||
| 505 | _aSumario: I. Palabras iniciales.— II. El caso en análisis.— III. Legislación aplicable y estado actual del sistema registral.— IV. Retrocesos y discursos de odio en el contexto actual.— V. El voto del Dr. Rosatti.— VI. ¿Eliminar la categoría registral "sexo"?— VII. Conclusión. | ||
| 505 | _tFallo comentado: CS ~ 05/11/2024 ~ B., L. M. c. EN - M Interior OP y V s/ información sumaria. Corte Suprema de Justicia de la Nación. | ||
| 650 | 0 |
_94305 _aDERECHO A LA IDENTIDAD DE GÉNERO |
|
| 650 | 0 |
_9699 _aFALLOS DE LA CORTE SUPREMA |
|
| 650 | 0 |
_91057 _aJURISPRUDENCIA APLICABLE |
|
| 773 | 0 |
_02844 _93222 _dBuenos Aires : AbeledoPerrot, 1989- _tDerecho de familia. Revista Interdisciplinaria de doctrina y jurisprudencia. Junio 2025-III. _z18511201 |
|
| 942 |
_2udc _cANA |
||